Największe miasta półwyspu iberyjskiego - Statystyki

Ogólne statystyki
  • Ten quiz został rozwiązany 19 razy
  • Średni wynik to 8 z 10
Statystyki odpowiedzi
Populacja Miasto % Poprawnych
1,620,343 Barcelona
100%
3,255,944 Madryt
100%
517 802 Lizbona
94%
684,234 Sewilla
89%
792,492 Walencja
89%
345,821 Bilbao
83%
578,460 Malaga
78%
675,301 Saragossa
78%
334,757 Alicante
33%
460,349 Murcja
33%
Nie znaleziono quizów pasujących do podanych kryteriów
Rozkład punktacji
Procent ludzi z każdym wynikiem
Percentyl według liczby udzielonych odpowiedzi
Twoja historia wyników
Nie rozwiązałeś tego quizu